Statistics for Conference USA Football Champions

Click here to take the quiz!

General Stats

  • This quiz has been taken 8 times
    (5 since last reset)
  • The average score is 8 of 19

Answer Stats

QuestionAnswer% Correct
2006
80%
2005
60%
2010
60%
2011
60%
2023
60%
2008
40%
2012
40%
2013
40%
2007
40%
2015
40%
2017
40%
2018
40%
2019
40%
2021
40%
2022
40%
2014
40%
2009
20%
2016
20%
2020
20%

Score Distribution

Percentile by Number Answered

Percent of People with Each Score

Your Score History

You have not taken this quiz since the last reset